[Event "Bundesliga 0102"]
[Site "Deutschland"]
[Date "2001.11.24"]
[Round "3.8"]
[White "Voekler, Bernd"]
[Black "Kachiani Gersinska, Ketino"]
[Result "0-1"]
[WhiteElo "2376"]
[BlackElo "2453"]
[PlyCount "72"]
[EventDate "2001.10.06"]
[EventType "team"]
[EventRounds "15"]
[EventCountry "GER"]
[SourceTitle "Bundesliga 0102"]
[Source "DeepChess"]
[SourceDate "2005.01.01"]
[SourceVersion "1"]
[SourceVersionDate "2005.01.01"]
[SourceQuality "1"]
[WhiteTeam "Erfurter SK"]
[BlackTeam "TV Tegernsee"]
[WhiteTeamCountry "GER"]
[BlackTeamCountry "GER"]

1. e4 c6 2. d4 d5 3. Nc3 dxe4 4. Nxe4 Bf5 5. Ng3 Bg6 6. h4 h6 7. Nf3 Nd7 8. h5
Bh7 9. Bd3 Bxd3 10. Qxd3 Qc7 11. Bd2 Ngf6 12. O-O-O e6 13. Qe2 c5 14. Kb1 cxd4
15. Nxd4 Bc5 16. Nb3 Be7 17. Nf1 Rc8 18. Ne3 Ne4 19. Be1 O-O 20. f3 Nec5 21.
Nd4 Bg5 22. Bf2 Nb6 23. f4 Be7 24. Ng4 Nca4 25. Rd3 Nd5 26. Rc1 Nxb2 27. Kxb2
Nc3 28. Qe3 Ba3+ 29. Ka1 Qa5 30. Rxc3 Rxc3 31. Qe1 Bxc1 32. Qxc1 Rd8 33. Ne5 f6
34. Nef3 Rxf3 35. Nxf3 Qc3+ 36. Qb2 Rd1# 0-1

[Event "Bundesliga 0102"]
[Site "Deutschland"]
[Date "2001.11.24"]
[Round "3.1"]
[White "Dautov, Rustem"]
[Black "Landa, Konstantin"]
[Result "1/2-1/2"]
[WhiteElo "2630"]
[BlackElo "2619"]
[PlyCount "38"]
[EventDate "2001.10.06"]
[EventType "team"]
[EventRounds "15"]
[EventCountry "GER"]
[SourceTitle "Bundesliga 0102"]
[Source "DeepChess"]
[SourceDate "2005.01.01"]
[SourceVersion "1"]
[SourceVersionDate "2005.01.01"]
[SourceQuality "1"]
[WhiteTeam "Godesberger SK 1929"]
[BlackTeam "SGEM Heiligenhaus 1937 e. V."]
[WhiteTeamCountry "GER"]
[BlackTeamCountry "GER"]

1. d4 d5 2. c4 e6 3. Nf3 Nf6 4. Nc3 Bb4 5. Bg5 h6 6. Bxf6 Qxf6 7. Qa4+ Nc6 8.
a3 Bxc3+ 9. bxc3 O-O 10. e3 Rd8 11. Be2 Bd7 12. cxd5 exd5 13. Qb3 Bf5 14. O-O
Na5 15. Qb4 b6 16. Ba6 Bc8 17. Bd3 Bf5 18. Ba6 Bc8 19. Bd3 Bf5 1/2-1/2

[Event "Bundesliga 0102"]
[Site "Deutschland"]
[Date "2001.11.24"]
[Round "3.2"]
[White "Van Mil, Johannes A J"]
[Black "Gurevich, Mikhail"]
[Result "0-1"]
[WhiteElo "2416"]
[BlackElo "2633"]
[PlyCount "54"]
[EventDate "2001.10.06"]
[EventType "team"]
[EventRounds "15"]
[EventCountry "GER"]
[SourceTitle "Bundesliga 0102"]
[Source "DeepChess"]
[SourceDate "2005.01.01"]
[SourceVersion "1"]
[SourceVersionDate "2005.01.01"]
[SourceQuality "1"]
[WhiteTeam "SGEM Heiligenhaus 1937 e. V."]
[BlackTeam "Godesberger SK 1929"]
[WhiteTeamCountry "GER"]
[BlackTeamCountry "GER"]

1. e4 e6 2. d3 c5 3. Nf3 Nc6 4. g3 Nge7 5. Bg2 g6 6. O-O Bg7 7. Re1 d6 8. c3 e5
9. Na3 O-O 10. Be3 h6 11. Qd2 Kh7 12. d4 exd4 13. cxd4 d5 14. exd5 Nxd5 15.
dxc5 Nxe3 16. Qxe3 Be6 17. Nb5 Bxb2 18. Rab1 Bg7 19. Red1 Qa5 20. Nbd4 Bxa2 21.
Rxb7 Rad8 22. Rb2 Bxd4 23. Nxd4 Rfe8 24. Qxe8 Rxe8 25. Bxc6 Re1+ 26. Rxe1 Qxe1+
27. Kg2 Bc4 0-1

[Event "Bundesliga 0102"]
[Site "Deutschland"]
[Date "2001.11.24"]
[Round "3.4"]
[White "Schmitz, Andreas Arnold"]
[Black "Kveinys, Aloyzas"]
[Result "0-1"]
[WhiteElo "2185"]
[BlackElo "2535"]
[PlyCount "80"]
[EventDate "2001.10.06"]
[EventType "team"]
[EventRounds "15"]
[EventCountry "GER"]
[SourceTitle "Bundesliga 0102"]
[Source "DeepChess"]
[SourceDate "2005.01.01"]
[SourceVersion "1"]
[SourceVersionDate "2005.01.01"]
[SourceQuality "1"]
[WhiteTeam "SGEM Heiligenhaus 1937 e. V."]
[BlackTeam "Godesberger SK 1929"]
[WhiteTeamCountry "GER"]
[BlackTeamCountry "GER"]

1. e4 c5 2. c3 Nf6 3. e5 Nd5 4. d4 cxd4 5. cxd4 d6 6. Nf3 Nc6 7. Bc4 e6 8. O-O
Be7 9. Bd2 O-O 10. Nc3 Nb6 11. Bb3 dxe5 12. dxe5 Na5 13. Bc2 Nbc4 14. Bc1 Qxd1
15. Rxd1 Nc6 16. Re1 Rd8 17. a3 Bd7 18. b3 Nb6 19. Bb2 Rac8 20. Rac1 Na5 21.
Ne4 Bc6 22. Ned2 Bd5 23. Be4 Bxe4 24. Rxe4 Rxc1+ 25. Bxc1 Rc8 26. Re1 Rc2 27.
Nd4 Ra2 28. Nb5 Nc6 29. Ne4 Ra1 30. f4 Nd5 31. Rf1 a6 32. Nbd6 Nd4 33. Bb2
Rxf1+ 34. Kxf1 Nxb3 35. Nxb7 Nxf4 36. a4 Kf8 37. Bc3 Nd5 38. Nbd6 f5 39. exf6
Bxd6 40. fxg7+ Kg8 0-1

[Event "Bundesliga 0102"]
[Site "Deutschland"]
[Date "2001.11.24"]
[Round "3.5"]
[White "Langheinrich, Ferenc"]
[Black "Lindner, Arnd"]
[Result "1/2-1/2"]
[WhiteElo "2398"]
[BlackElo "2120"]
[PlyCount "82"]
[EventDate "2001.10.06"]
[EventType "team"]
[EventRounds "15"]
[EventCountry "GER"]
[SourceTitle "Bundesliga 0102"]
[Source "DeepChess"]
[SourceDate "2005.01.01"]
[SourceVersion "1"]
[SourceVersionDate "2005.01.01"]
[SourceQuality "1"]
[WhiteTeam "Godesberger SK 1929"]
[BlackTeam "SGEM Heiligenhaus 1937 e. V."]
[WhiteTeamCountry "GER"]
[BlackTeamCountry "GER"]

1. e4 c5 2. Nf3 Nc6 3. d4 cxd4 4. Nxd4 Nf6 5. Nc3 e5 6. Ndb5 d6 7. Bg5 a6 8.
Na3 b5 9. Nd5 Be7 10. Bxf6 Bxf6 11. c3 O-O 12. Nc2 Bg5 13. g3 Be6 14. Bg2 a5
15. O-O Ne7 16. f4 Bxd5 17. fxg5 Be6 18. Qd2 Qb6+ 19. Kh1 Rad8 20. Ne3 Qc5 21.
b4 Qc7 22. h4 Rd7 23. Kh2 Rfd8 24. Rad1 Ra8 25. Nd5 Nxd5 26. exd5 Bg4 27. Rde1
Re7 28. Re4 Bd7 29. h5 axb4 30. cxb4 Ra3 31. h6 Qc3 32. Qf2 gxh6 33. Rfe1 hxg5
34. R1e3 Qc1 35. Re1 Qc3 36. R1e3 Qc1 37. Rxa3 Qxa3 38. Qf6 Re8 39. Qxg5+ Kf8
40. Rh4 Qd3 41. Qh6+ Ke7 1/2-1/2

[Event "Bundesliga 0102"]
[Site "Deutschland"]
[Date "2001.11.24"]
[Round "3.6"]
[White "Heller, Achim"]
[Black "Breder, Dennis"]
[Result "0-1"]
[WhiteElo "2027"]
[BlackElo "2411"]
[PlyCount "104"]
[EventDate "2001.10.06"]
[EventType "team"]
[EventRounds "15"]
[EventCountry "GER"]
[SourceTitle "Bundesliga 0102"]
[Source "DeepChess"]
[SourceDate "2005.01.01"]
[SourceVersion "1"]
[SourceVersionDate "2005.01.01"]
[SourceQuality "1"]
[WhiteTeam "SGEM Heiligenhaus 1937 e. V."]
[BlackTeam "Godesberger SK 1929"]
[WhiteTeamCountry "GER"]
[BlackTeamCountry "GER"]

1. d4 Nf6 2. c4 e6 3. Nc3 Bb4 4. Qc2 O-O 5. Bg5 c5 6. e3 cxd4 7. exd4 Nc6 8.
Nf3 d5 9. a3 Be7 10. c5 b6 11. Bb5 Bd7 12. Bxc6 Bxc6 13. Ne5 Be8 14. b4 bxc5
15. bxc5 Qc7 16. Nd3 h6 17. Bf4 Qa5 18. O-O g5 19. Bd2 Qa6 20. Rab1 Nh5 21. Ne5
Kg7 22. Qb2 f6 23. Qb7 Qxb7 24. Rxb7 fxe5 25. Rxe7+ Kf6 26. Rh7 exd4 27. Ne2
Kg6 28. Re7 Kf6 29. Rh7 Kg6 30. Re7 Bb5 31. Re1 Kf6 32. Rh7 Bxe2 33. Rxe2 Rh8
34. Rd7 Rhd8 35. Rh7 Rh8 36. Rd7 Rhc8 37. Rh7 Kg6 38. Rb7 Ng7 39. Rb5 a6 40.
Ra5 Rc6 41. g4 Rb8 42. Bb4 Kf6 43. f3 e5 44. h4 Re8 45. Bd2 Ne6 46. hxg5+ hxg5
47. Rh2 Kg6 48. Re2 Nxc5 49. Bb4 Nd3 50. Rxd5 Rc1+ 51. Kh2 Rh8+ 52. Kg3 Rg1+
0-1

[Event "Bundesliga 0102"]
[Site "Deutschland"]
[Date "2001.11.24"]
[Round "3.7"]
[White "Jackelen, Thomas"]
[Black "Kesseler, Heiko"]
[Result "1-0"]
[WhiteElo "2392"]
[BlackElo "2057"]
[PlyCount "79"]
[EventDate "2001.10.06"]
[EventType "team"]
[EventRounds "15"]
[EventCountry "GER"]
[SourceTitle "Bundesliga 0102"]
[Source "DeepChess"]
[SourceDate "2005.01.01"]
[SourceVersion "1"]
[SourceVersionDate "2005.01.01"]
[SourceQuality "1"]
[WhiteTeam "Godesberger SK 1929"]
[BlackTeam "SGEM Heiligenhaus 1937 e. V."]
[WhiteTeamCountry "GER"]
[BlackTeamCountry "GER"]

1. Nf3 e6 2. c4 Nf6 3. g3 d5 4. Bg2 Be7 5. O-O O-O 6. d4 Nbd7 7. b3 c6 8. Nc3
b6 9. Bb2 Bb7 10. Qc2 Rc8 11. Rad1 Qc7 12. e4 Nxe4 13. Nxe4 dxe4 14. Qxe4 Nf6
15. Qc2 Rcd8 16. Rfe1 c5 17. d5 exd5 18. Be5 Qc8 19. Ng5 Ne4 20. Nxe4 dxe4 21.
Bxe4 Bxe4 22. Qxe4 Qe6 23. Rd5 f5 24. Qd3 f4 25. gxf4 Rde8 26. Re3 Bh4 27. h3
Rf5 28. Rd6 Qc8 29. Rd7 Rf7 30. Rxf7 Kxf7 31. Qxh7 Bf6 32. Qh5+ Kg8 33. Bxf6
Rxe3 34. fxe3 gxf6 35. Qg4+ Qxg4+ 36. hxg4 Kf7 37. Kf2 Ke6 38. Kf3 a6 39. Ke4
b5 40. a4 1-0

[Event "Bundesliga 0102"]
[Site "Deutschland"]
[Date "2001.11.24"]
[Round "3.8"]
[White "Perschke, Ulrich"]
[Black "Seger, Ruediger"]
[Result "0-1"]
[WhiteElo "2216"]
[BlackElo "2400"]
[PlyCount "90"]
[EventDate "2001.10.06"]
[EventType "team"]
[EventRounds "15"]
[EventCountry "GER"]
[SourceTitle "Bundesliga 0102"]
[Source "DeepChess"]
[SourceDate "2005.01.01"]
[SourceVersion "1"]
[SourceVersionDate "2005.01.01"]
[SourceQuality "1"]
[WhiteTeam "SGEM Heiligenhaus 1937 e. V."]
[BlackTeam "Godesberger SK 1929"]
[WhiteTeamCountry "GER"]
[BlackTeamCountry "GER"]

1. c4 Nf6 2. Nc3 d5 3. cxd5 Nxd5 4. g3 g6 5. Bg2 Nxc3 6. bxc3 Bg7 7. Nf3 O-O 8.
O-O c5 9. d4 Nc6 10. e3 Qa5 11. Bd2 Rd8 12. Qb3 Qc7 13. Ng5 e5 14. d5 Na5 15.
Qa4 Bd7 16. Qh4 h6 17. Ne4 g5 18. Qh5 f5 19. d6 Qc8 20. f4 fxe4 21. Bxe4 Be8
22. Bd5+ Kh8 23. Qf3 g4 24. Qe4 Rxd6 25. c4 Nc6 26. Bc3 Qd7 27. fxe5 Bg6 28.
Qf4 Re6 29. Qxg4 Rae8 30. Rf6 Bxf6 31. exf6 Kh7 32. Rf1 Rd6 33. Qf4 Nd8 34. e4
Nf7 35. h4 Rde6 36. Qg4 h5 37. Qf3 b6 38. e5 Rxe5 39. Bxe5 Rxe5 40. Qf4 Qe8 41.
g4 hxg4 42. Qxg4 Re2 43. Bf3 Qe3+ 44. Kh1 Ne5 45. Qc8 Nxf3 0-1

[Event "Bundesliga 0102"]
[Site "Deutschland"]
[Date "2001.11.24"]
[Round "3.1"]
[White "Hracek, Zbynek"]
[Black "Dorfman, Josif D"]
[Result "1/2-1/2"]
[WhiteElo "2610"]
[BlackElo "2602"]
[PlyCount "34"]
[EventDate "2001.10.06"]
[EventType "team"]
[EventRounds "15"]
[EventCountry "GER"]
[SourceTitle "Bundesliga 0102"]
[Source "DeepChess"]
[SourceDate "2005.01.01"]
[SourceVersion "1"]
[SourceVersionDate "2005.01.01"]
[SourceQuality "1"]
[WhiteTeam "SAbt SV Werder Bremen"]
[BlackTeam "Hamburger SK 1830 e.V."]
[WhiteTeamCountry "GER"]
[BlackTeamCountry "GER"]

1. d4 Nf6 2. c4 e6 3. Nf3 b6 4. g3 Ba6 5. b3 Bb7 6. Bg2 Bb4+ 7. Bd2 c5 8. O-O
O-O 9. Bxb4 cxb4 10. a3 Na6 11. Ne5 Bxg2 12. Kxg2 Qb8 13. Nd3 bxa3 14. Rxa3
Qb7+ 15. Kg1 d5 16. Nd2 Nb8 17. e3 Nc6 1/2-1/2

[Event "Bundesliga 0102"]
[Site "Deutschland"]
[Date "2001.11.24"]
[Round "3.2"]
[White "Kempinski, Robert"]
[Black "Babula, Vlastimil"]
[Result "1/2-1/2"]
[WhiteElo "2595"]
[BlackElo "2566"]
[PlyCount "82"]
[EventDate "2001.10.06"]
[EventType "team"]
[EventRounds "15"]
[EventCountry "GER"]
[SourceTitle "Bundesliga 0102"]
[Source "DeepChess"]
[SourceDate "2005.01.01"]
[SourceVersion "1"]
[SourceVersionDate "2005.01.01"]
[SourceQuality "1"]
[WhiteTeam "Hamburger SK 1830 e.V."]
[BlackTeam "SAbt SV Werder Bremen"]
[WhiteTeamCountry "GER"]
[BlackTeamCountry "GER"]

1. d4 d5 2. c4 c6 3. Nf3 Nf6 4. Nc3 dxc4 5. a4 Bf5 6. Ne5 Nbd7 7. Nxc4 Nb6 8.
Ne3 Bg6 9. a5 Nbd7 10. g3 e6 11. Bg2 Nd5 12. O-O Be7 13. Qb3 b6 14. f4 Nxe3 15.
Bxe3 Rc8 16. axb6 axb6 17. Bf2 O-O 18. e4 b5 19. Kh1 Nf6 20. Rfe1 Re8 21. Bg1
Bf8 22. Ra6 Qd7 23. Qa2 Bb4 24. Ra7 Rc7 25. Rxc7 Qxc7 26. Qa6 Qc8 27. Qxc8 Rxc8
28. h3 h5 29. Re2 Ra8 30. f5 exf5 31. e5 Ne4 32. Nxe4 fxe4 33. Bxe4 Bxe4+ 34.
Rxe4 Ra2 35. d5 Rxb2 36. dxc6 Ba5 37. e6 fxe6 38. Rxe6 Rc2 39. Re8+ Kf7 40. Re5
Rxc6 41. Rxb5 Ke8 1/2-1/2

[Event "Bundesliga 0102"]
[Site "Deutschland"]
[Date "2001.11.24"]
[Round "3.4"]
[White "Gustafsson, Jan"]
[Black "Pelletier, Yannick"]
[Result "1-0"]
[WhiteElo "2535"]
[BlackElo "2531"]
[PlyCount "91"]
[EventDate "2001.10.06"]
[EventType "team"]
[EventRounds "15"]
[EventCountry "GER"]
[SourceTitle "Bundesliga 0102"]
[Source "DeepChess"]
[SourceDate "2005.01.01"]
[SourceVersion "1"]
[SourceVersionDate "2005.01.01"]
[SourceQuality "1"]
[WhiteTeam "Hamburger SK 1830 e.V."]
[BlackTeam "SAbt SV Werder Bremen"]
[WhiteTeamCountry "GER"]
[BlackTeamCountry "GER"]

1. d4 Nf6 2. c4 e6 3. Nc3 Bb4 4. Qc2 O-O 5. a3 Bxc3+ 6. Qxc3 d6 7. Bg5 h6 8.
Bh4 Nbd7 9. Nf3 b6 10. Nd2 Bb7 11. f3 Rc8 12. e4 c5 13. Bd3 cxd4 14. Qxd4 Nc5
15. Be2 e5 16. Qf2 Ne6 17. O-O g5 18. Bg3 Nh5 19. Rfd1 Nhf4 20. Bf1 Bc6 21.
Rac1 Qd7 22. Qe3 Nd4 23. Nb1 b5 24. Nc3 bxc4 25. Bxc4 Ba4 26. Rxd4 exd4 27.
Qxd4 Bb3 28. Bf1 Qe7 29. Re1 Rfe8 30. Bb5 Red8 31. Nd5 Bxd5 32. exd5 Qb7 33.
Bc6 Qb6 34. Qxb6 axb6 35. Bxf4 gxf4 36. Re4 Rc7 37. Kf2 Rdc8 38. Rxf4 Kg7 39.
Rb4 Re7 40. Rxb6 Rcc7 41. a4 Re5 42. a5 Rce7 43. a6 Re2+ 44. Kg3 Kf6 45. Rb7
R7e5 46. h4 1-0

[Event "Bundesliga 0102"]
[Site "Deutschland"]
[Date "2001.11.24"]
[Round "3.5"]
[White "Knaak, Rainer"]
[Black "Berg, Emanuel"]
[Result "1-0"]
[WhiteElo "2494"]
[BlackElo "2496"]
[PlyCount "107"]
[EventDate "2001.10.06"]
[EventType "team"]
[EventRounds "15"]
[EventCountry "GER"]
[SourceTitle "Bundesliga 0102"]
[Source "DeepChess"]
[SourceDate "2005.01.01"]
[SourceVersion "1"]
[SourceVersionDate "2005.01.01"]
[SourceQuality "1"]
[WhiteTeam "SAbt SV Werder Bremen"]
[BlackTeam "Hamburger SK 1830 e.V."]
[WhiteTeamCountry "GER"]
[BlackTeamCountry "GER"]

1. d4 e6 2. c4 Nf6 3. Nc3 Bb4 4. e3 c5 5. Bd3 cxd4 6. exd4 d5 7. Nf3 O-O 8. O-O
Nc6 9. Bg5 Be7 10. Rc1 dxc4 11. Bxc4 Nd5 12. Bxe7 Ncxe7 13. Nxd5 exd5 14. Bd3
Qb6 15. Re1 Nc6 16. Rc5 g6 17. Rb5 Qc7 18. Qc1 Qd6 19. Qh6 Qf6 20. Rxd5 Bg4 21.
Rd6 Qg7 22. Qxg7+ Kxg7 23. Ne5 Nxe5 24. dxe5 Be6 25. Be4 Rad8 26. Rdd1 Bxa2 27.
Bxb7 Rxd1 28. Rxd1 Rb8 29. Rd7 Be6 30. Rc7 a5 31. Kf1 Kf8 32. Ke2 Ke8 33. Bc6+
Kd8 34. Rb7 Rc8 35. Be4 Rc5 36. f4 Kc8 37. Rb6 Kc7 38. Rb7+ Kc8 39. Kd3 Ba2 40.
Bf3 h5 41. b3 h4 42. Kd4 Rc2 43. Rb5 Kd8 44. Bd5 a4 45. Be4 Rc1 46. bxa4 Rc4+
47. Ke3 Rc3+ 48. Kf2 Rc4 49. Kf3 Rc3+ 50. Kg4 Rc4 51. Bf3 Rxa4 52. Rb8+ Ke7 53.
Bc6 Be6+ 54. Kg5 1-0

[Event "Bundesliga 0102"]
[Site "Deutschland"]
[Date "2001.11.24"]
[Round "3.6"]
[White "Wahls, Matthias"]
[Black "Joachim, Sven"]
[Result "1/2-1/2"]
[WhiteElo "2580"]
[BlackElo "2443"]
[PlyCount "29"]
[EventDate "2001.10.06"]
[EventType "team"]
[EventRounds "15"]
[EventCountry "GER"]
[SourceTitle "Bundesliga 0102"]
[Source "DeepChess"]
[SourceDate "2005.01.01"]
[SourceVersion "1"]
[SourceVersionDate "2005.01.01"]
[SourceQuality "1"]
[WhiteTeam "Hamburger SK 1830 e.V."]
[BlackTeam "SAbt SV Werder Bremen"]
[WhiteTeamCountry "GER"]
[BlackTeamCountry "GER"]

1. c4 Nf6 2. Nc3 e5 3. e3 d6 4. d4 Nbd7 5. Nge2 g6 6. g3 Bg7 7. Bg2 O-O 8. b3
Re8 9. O-O h5 10. h3 e4 11. Qc2 Qe7 12. Nf4 c6 13. b4 Nf8 14. c5 d5 15. b5
1/2-1/2

[Event "Bundesliga 0102"]
[Site "Deutschland"]
[Date "2001.11.24"]
[Round "3.7"]
[White "Meins, Gerlef"]
[Black "Mueller, Karsten"]
[Result "1/2-1/2"]
[WhiteElo "2415"]
[BlackElo "2503"]
[PlyCount "27"]
[EventDate "2001.10.06"]
[EventType "team"]
[EventRounds "15"]
[EventCountry "GER"]
[SourceTitle "Bundesliga 0102"]
[Source "DeepChess"]
[SourceDate "2005.01.01"]
[SourceVersion "1"]
[SourceVersionDate "2005.01.01"]
[SourceQuality "1"]
[WhiteTeam "SAbt SV Werder Bremen"]
[BlackTeam "Hamburger SK 1830 e.V."]
[WhiteTeamCountry "GER"]
[BlackTeamCountry "GER"]

1. d4 d5 2. c4 c6 3. Nf3 Nf6 4. cxd5 cxd5 5. Nc3 Nc6 6. Bf4 e6 7. e3 Bd6 8. Bg3
Bxg3 9. hxg3 Qd6 10. a4 Bd7 11. Bd3 Rc8 12. Rc1 g6 13. O-O O-O 14. Re1 1/2-1/2

[Event "Bundesliga 0102"]
[Site "Deutschland"]
[Date "2001.11.24"]
[Round "3.2"]
[White "Epishin, Vladimir"]
[Black "Pajeken, Wolfgang"]
[Result "1-0"]
[WhiteElo "2583"]
[BlackElo "2339"]
[PlyCount "52"]
[EventDate "2001.10.06"]
[EventType "team"]
[EventRounds "15"]
[EventCountry "GER"]
[SourceTitle "Bundesliga 0102"]
[Source "DeepChess"]
[SourceDate "2005.01.01"]
[SourceVersion "1"]
[SourceVersionDate "2005.01.01"]
[SourceQuality "1"]
[WhiteTeam "Luebecker SV von 1873 "]
[BlackTeam "SC Koenigsspringer 1984 Hamburg"]
[WhiteTeamCountry "GER"]
[BlackTeamCountry "GER"]

1. Nf3 Nf6 2. d4 e6 3. g3 b6 4. Bg2 Bb7 5. c4 Be7 6. Nc3 Ne4 7. Bd2 O-O 8. Qc2
f5 9. d5 Bf6 10. Rd1 Qe8 11. O-O Na6 12. a3 Nac5 13. b4 Bxc3 14. Bxc3 Nxc3 15.
Qxc3 Ne4 16. Qc2 exd5 17. cxd5 c5 18. dxc6 Bxc6 19. Nd4 Rc8 20. Rc1 Qe5 21. e3
h5 22. Qd3 h4 23. gxh4 Qf6 24. Rc2 Qxh4 25. f3 Ng5 26. Nxf5 Nxf3+ 1-0

[Event "Bundesliga 0102"]
[Site "Deutschland"]
[Date "2001.11.24"]
[Round "3.3"]
[White "Hochgraefe, Markus"]
[Black "Hodgson, Julian M"]
[Result "0-1"]
[WhiteElo "2334"]
[BlackElo "2581"]
[PlyCount "58"]
[EventDate "2001.10.06"]
[EventType "team"]
[EventRounds "15"]
[EventCountry "GER"]
[SourceTitle "Bundesliga 0102"]
[Source "DeepChess"]
[SourceDate "2005.01.01"]
[SourceVersion "1"]
[SourceVersionDate "2005.01.01"]
[SourceQuality "1"]
[WhiteTeam "SC Koenigsspringer 1984 Hamburg"]
[BlackTeam "Luebecker SV von 1873 "]
[WhiteTeamCountry "GER"]
[BlackTeamCountry "GER"]

1. Nf3 d6 2. d4 Bg4 3. c4 Nd7 4. e4 e5 5. Be2 Be7 6. Nc3 Bxf3 7. Bxf3 exd4 8.
Qxd4 Bf6 9. Qd2 Ne7 10. b3 O-O 11. Bb2 Nc6 12. O-O Nc5 13. Rab1 Re8 14. Rfe1 a5
15. Ba1 Nb4 16. Re2 Nbd3 17. g3 a4 18. b4 Ne5 19. Bg2 Nxc4 20. Qd1 Ne6 21. Nxa4
Na3 22. Rc1 Bxa1 23. Rxa1 Qf6 24. Rc1 Nb5 25. e5 dxe5 26. Bxb7 Red8 27. Bxa8
Rxd1+ 28. Rxd1 Ned4 29. Re3 Qa6 0-1

[Event "Bundesliga 0102"]
[Site "Deutschland"]
[Date "2001.11.24"]
[Round "3.4"]
[White "Hansen, Lars Bo"]
[Black "Trisic, Alexandar"]
[Result "1/2-1/2"]
[WhiteElo "2586"]
[BlackElo "2316"]
[PlyCount "42"]
[EventDate "2001.10.06"]
[EventType "team"]
[EventRounds "15"]
[EventCountry "GER"]
[SourceTitle "Bundesliga 0102"]
[Source "DeepChess"]
[SourceDate "2005.01.01"]
[SourceVersion "1"]
[SourceVersionDate "2005.01.01"]
[SourceQuality "1"]
[WhiteTeam "Luebecker SV von 1873 "]
[BlackTeam "SC Koenigsspringer 1984 Hamburg"]
[WhiteTeamCountry "GER"]
[BlackTeamCountry "GER"]

1. Nf3 Nf6 2. g3 g6 3. b3 Bg7 4. Bb2 O-O 5. Bg2 d5 6. c4 c6 7. d3 Nbd7 8. O-O
Re8 9. cxd5 cxd5 10. Nbd2 e5 11. e4 d4 12. Nc4 Bf8 13. a4 b6 14. Kh1 Ba6 15.
Ng1 h5 16. Bc1 Bb4 17. Ra2 b5 18. axb5 Bxb5 19. Nh3 Nc5 20. Ng5 a5 21. Nf3 Nfd7
1/2-1/2

[Event "Bundesliga 0102"]
[Site "Deutschland"]
[Date "2001.11.24"]
[Round "3.5"]
[White "Buhr, Carl Christian"]
[Black "De Firmian, Nick E"]
[Result "1/2-1/2"]
[WhiteElo "2394"]
[BlackElo "2552"]
[PlyCount "86"]
[EventDate "2001.10.06"]
[EventType "team"]
[EventRounds "15"]
[EventCountry "GER"]
[SourceTitle "Bundesliga 0102"]
[Source "DeepChess"]
[SourceDate "2005.01.01"]
[SourceVersion "1"]
[SourceVersionDate "2005.01.01"]
[SourceQuality "1"]
[WhiteTeam "SC Koenigsspringer 1984 Hamburg"]
[BlackTeam "Luebecker SV von 1873 "]
[WhiteTeamCountry "GER"]
[BlackTeamCountry "GER"]

1. c4 c5 2. Nc3 Nc6 3. Nf3 e5 4. g3 g6 5. Bg2 Bg7 6. O-O d6 7. d3 Nge7 8. Rb1
O-O 9. Ne1 Be6 10. Nc2 d5 11. b3 h6 12. e4 dxe4 13. dxe4 Nd4 14. Nxd4 cxd4 15.
Nd5 Nxd5 16. cxd5 Bd7 17. Ba3 Re8 18. Qd2 Rc8 19. Rbc1 Qb6 20. Rxc8 Rxc8 21.
Rc1 Qd8 22. Rxc8 Qxc8 23. Bf1 b6 24. Bd3 Bf8 25. Bxf8 Qxf8 26. b4 g5 27. a3 Qc8
28. Qc2 Qxc2 29. Bxc2 Bb5 30. f3 Kf8 31. Kf2 Ke7 32. g4 Kd6 33. Ke1 a5 34. Kd2
f6 35. Bd3 Be8 36. Be2 h5 37. h3 h4 38. Bd3 Bd7 39. Kc1 Ba4 40. Kd2 axb4 41.
axb4 b5 42. Bc2 Kc7 43. Bd1 Kb6 1/2-1/2

[Event "Bundesliga 0102"]
[Site "Deutschland"]
[Date "2001.11.24"]
[Round "3.6"]
[White "Hector, Jonny"]
[Black "Voigt, Martin"]
[Result "1-0"]
[WhiteElo "2552"]
[BlackElo "2300"]
[PlyCount "83"]
[EventDate "2001.10.06"]
[EventType "team"]
[EventRounds "15"]
[EventCountry "GER"]
[SourceTitle "Bundesliga 0102"]
[Source "DeepChess"]
[SourceDate "2005.01.01"]
[SourceVersion "1"]
[SourceVersionDate "2005.01.01"]
[SourceQuality "1"]
[WhiteTeam "Luebecker SV von 1873 "]
[BlackTeam "SC Koenigsspringer 1984 Hamburg"]
[WhiteTeamCountry "GER"]
[BlackTeamCountry "GER"]

1. e4 e6 2. d4 d5 3. Nc3 Bb4 4. Nge2 dxe4 5. a3 Be7 6. g4 e5 7. h3 exd4 8. Qxd4
Qxd4 9. Nxd4 a6 10. Bf4 c5 11. Nb3 Nf6 12. O-O-O Be6 13. Na5 b5 14. Bg2 Nbd7
15. Nxe4 Nxe4 16. Bxe4 Rd8 17. Nb7 Rc8 18. Nd6+ Bxd6 19. Bxd6 Nb8 20. Bb7 Rd8
21. Bxc5 Rd7 22. Be4 Kd8 23. f4 Kc8 24. f5 Rxd1+ 25. Rxd1 Bd7 26. Bd4 f6 27. g5
Re8 28. gxf6 gxf6 29. Bd3 Rf8 30. Rg1 Nc6 31. Bf2 Ne5 32. Be4 Kc7 33. Bc5 Re8
34. Bf2 Nc4 35. Rg4 Re7 36. b3 Nd6 37. Bg3 Bc6 38. Bd3 Bd5 39. c4 bxc4 40. bxc4
Re3 41. Bxd6+ Kxd6 42. Rd4 1-0

[Event "Bundesliga 0102"]
[Site "Deutschland"]
[Date "2001.11.24"]
[Round "3.7"]
[White "Von Buelow, Georg"]
[Black "Agdestein, Simen"]
[Result "0-1"]
[WhiteElo "2298"]
[BlackElo "2572"]
[PlyCount "95"]
[EventDate "2001.10.06"]
[EventType "team"]
[EventRounds "15"]
[EventCountry "GER"]
[SourceTitle "Bundesliga 0102"]
[Source "DeepChess"]
[SourceDate "2005.01.01"]
[SourceVersion "1"]
[SourceVersionDate "2005.01.01"]
[SourceQuality "1"]
[WhiteTeam "SC Koenigsspringer 1984 Hamburg"]
[BlackTeam "Luebecker SV von 1873 "]
[WhiteTeamCountry "GER"]
[BlackTeamCountry "GER"]

1. e4 c5 2. Nf3 d6 3. d4 cxd4 4. Nxd4 Nf6 5. Nc3 a6 6. f4 e6 7. Qf3 Nc6 8. Be3
e5 9. Nxc6 bxc6 10. fxe5 dxe5 11. Qg3 Qa5 12. Bc4 Rb8 13. O-O Rxb2 14. Nd5 cxd5
15. Qxe5+ Be7 16. Bxd5 Qa3 17. Bb3 O-O 18. Bd4 Rxb3 19. axb3 Qb4 20. Ra4 Qb7
21. Qg3 Ne8 22. e5 Bd7 23. Ra2 Nc7 24. Rd1 Bc6 25. Be3 Rc8 26. Bg5 Bf8 27. h4
Ne6 28. Be3 Be4 29. Qf2 h5 30. Kh2 Qb5 31. Bd4 Nxd4 32. Qxd4 Rxc2 33. Rd2 Rxa2
34. Rxa2 Bd5 35. Rb2 Bc5 36. Qd2 Be6 37. b4 Be7 38. Qd4 Qf1 39. Rf2 Qe1 40. Rf4
g6 41. Re4 Qf1 42. Rf4 Qb5 43. Re4 Bg4 44. Rf4 Bf5 45. Kh1 Bf8 46. g3 Bg7 47.
Qd8+ Kh7 48. Qe8 0-1